000
00338nam a2200145Ia 4500
008
100122s9999 xx 000 0 und d
082
_b
24344
_a
821
100
_a
देशमुख
245
_a
मेघदूत
260
_c
1977
300
_a
65
630
_a
मेघदूत
730
_a
मेघदूत
942
_c
BOOK
999
_c
411681
_d
411678